Countries That Begin With A Vowel And End In A Consonant As They Appear In Countries Of The World Quiz - Statistics

General Stats
  • This quiz has been taken 96 times
    40 since last reset
  • The average score is 14 of 17
Answer Stats
Answer % Correct
Azerbaijan
97%
Iceland
92%
United Kingdom
92%
Afghanistan
89%
Ireland
86%
Israel
86%
Italy
86%
Uruguay
86%
Ecuador
84%
Iran
84%
Iraq
84%
Uzbekistan
84%
Oman
81%
United Arab Emirates
81%
Egypt
76%
El Salvador
76%
East Timor
70%
No matching quizzes found
Score Distribution
Percent of People with Each Score
Percentile by Number Answered
Your Score History
You have not taken this quiz since the last reset